000 02541cam a22005414i 4500
003 PE-LiUPU
005 20250731173320.0
008 150625s1998 nyu r 000 0 spa d
020 _a1570751692
035 _a(Sirsi) i9781570751691
040 _aPE-LiUPU
_bspa
_cPE-LiUPU
_erda
049 _aPRUA
082 0 4 _a266
_bM65
_221
245 0 0 _aMission in the New Testament :
_ban evangelical approach /
_cWilliam J. Larkin Jr y Joel F. Williams, editores.
264 1 _aMaryknoll, New York :
_bOrbis Books,
_c1998.
300 _a266 páginas ;
_c23 centímetros
336 _atext
_2rdacontent
337 _aunmediated
_2rdamedia
338 _avolume
_2rdacarrier
490 0 _aAmerican Society of Missiology series ;
_v27
504 _aIncluye referencias bibliográficas.
505 0 _aMission in the Old Testament -- Mission in Intertestamental judaism -- Mission in Jesús' Teaching -- Mission in the Early church -- Mission Paul's Epistles: genesis, pattern, and dynamics -- Synoptic gospels and acts -- Mission in Matthew -- Mission in mark -- Mission in luke -- Mission in acts -- The general epistles and john's writings -- Mission in the general epistles -- Mission in John's gospel and letters -- Mission in revelation.
526 _aSEG42
526 _aSEG41
526 _aSEG40
526 _aSEG39
526 _aP94
526 _aP87
526 _aP86
526 _aP85
526 _aP77
526 _aP76
526 _aP35
541 _g438621;
650 0 4 _aEvangelismo.
_9953
650 0 4 _aMisiones
_xEnseñanza bíblica.
650 0 4 _aMisiones
_xTeoría.
700 1 _aLarkin, William J.,
_eeditor.
700 1 _aWilliams, Joel F.
942 _2ddc
_cBOOK
949 _a266 M65
_wDEWEY
_c1
_i57557
_lCCODEBUL1
_mBUL
_p36.00
_r0
_sY
_tBOOK
_u2015-6-25
_xTEOLOGIA
_PP35
_0COMPRA
_o.STAFF. Colección Teología
949 _a266 M65
_wDEWEY
_c2
_i57481
_lCCODEBUL1
_mBUL
_p35.00
_r0
_sY
_tBOOK
_u2015-6-25
_xTEOLOGIA
_PP35
_0COMPRA
_o.STAFF. Colección Teología
994 _aC0
_bPEPRU
596 _a1
999 _a266 M65
_wDEWEY
_c46517
_i57557
_d46517
_e2017-6-25
_f2021-11-10
_g5
_lCCODEBUL1
_mBUL
_n4
_p36.00
_q1
_r0
_sY
_tBOOK
_u2015-6-25
_xTEOLOGIA
_PP35
_0COMPRA
_o.STAFF. Colección Teología
999 _a266 M65
_wDEWEY
_c2
_i57481
_f2021-11-10
_g5
_lCCODEBUL1
_mBUL
_p35.00
_q1
_r0
_sY
_tBOOK
_u2015-6-25
_xTEOLOGIA
_PP35
_0COMPRA
_o.STAFF. Colección General
980 _81
_gALBERTO SANCHEZ Responsable de Automatización